| 000 | 00890nam a2200289Ia 4500 | ||
|---|---|---|---|
| 003 | OSt | ||
| 005 | 20221006160009.0 | ||
| 006 | a|||||r|||| 00| 0 | ||
| 007 | ta | ||
| 008 | 221006b |||||||| |||| 00| 0 eng d | ||
| 020 |
_a9781401300524 _c _35.00 |
||
| 024 | _a44,024 | ||
| 037 |
_bGift, Korean Embassy (Window on Korea) _cTextual |
||
| 040 |
_aEASL _cEASL _beng |
||
| 041 |
_2eng _aeng |
||
| 082 | _aV495:1973,(zM), P7 | ||
| 100 |
_aHALBERSTAM David _9618400 |
||
| 245 | 0 |
_aColdest winter _b America and the korean war |
|
| 260 |
_aLondon _bPalgrave _c2007 |
||
| 300 |
_a719p. _ccm. |
||
| 490 | _v KEL | ||
| 650 |
_a America and the korean war _9671404 |
||
| 650 | _a KEL | ||
| 650 |
_aKorean war- United states _9671405 |
||
| 942 |
_hV495:1973,(zM), P7 _cTEXL _2CC |
||
| 999 |
_c1112116 _d1112116 |
||